00616nam a2200193Ia 4500008004100000020001500041041000800056082001900064100002200083245004600105250000600151260006700157365001100224650002100235650002400256942001200280999001900292952011100311140306s9999 xx 000 0 und d a007462086X aeng a658.15bPRA/FI aPrasanna, Chandra aFiancial management : theory and practice a4 aNew DelhibTata Mc Graw -Hill Publishing Company Limitedc1998 bRs.295 aCapital budeting aLong term financing 2ddccBK c185332d185332 00102ddc4070aKAUCBVbKAUCBVd2004-09-03g295.00l0o658.15 PRA/FIr2014-03-22 00:00:00w2014-03-22yBK